Guess The Orange Logos - Statistics

General Stats
  • This quiz has been taken 44 times
  • The average score is 10 of 21
Answer Stats
Picture Answer % Correct
Bitcoin
94%
Mastercard
91%
Reddit
91%
Rockstar Games
76%
WNBA
76%
Amazon
70%
Nickelodeon
64%
Soundcloud
58%
Whataburger
58%
Fandango
48%
Crunchyroll
42%
VLC
33%
GrubHub
24%
Half-life
24%
Penguin Books
24%
Comfort Inn
18%
Halfbrick
18%
Avast
15%
Micromax
9%
Qiwi
9%
Swiggy
9%
No matching quizzes found
Score Distribution
Percent of People with Each Score
Percentile by Number Answered
Your Score History
You have not taken this quiz